[Event "Feffernitz op 32nd"]
[Site "Feffernitz"]
[Date "2023.08.12"]
[Round "9"]
[White "Gruenwald, Simon"]
[Black "Hresc, Vladimir"]
[Result "0-1"]
[WhiteElo "1936"]
[BlackElo "2270"]
[PlyCount "64"]
[EventDate "2023.08.05"]
[EventType "swiss"]
[EventRounds "9"]
[EventCountry "AUT"]
[SourceTitle "CBM 215 Extra"]
[Source "ChessBase"]
[SourceDate "2023.09.30"]
[SourceVersion "1"]
[SourceVersionDate "2023.09.30"]
[SourceQuality "1"]

1. e4 e5 2. Nf3 Nf6 3. Nxe5 d6 4. Nf3 Nxe4 5. Nc3 Nxc3 6. dxc3 Nc6 7. h3 Be7 8. Bd3 Bf6 9. Be3 Be6 10. Qd2 h6 11. 0-0-0 Qd7 12. Kb1 0-0-0 13. Nd4 Nxd4 14. Bxd4 Bxd4 15. cxd4 Qa4 16. c4 Bxc4 17. Bxc4 Qxc4 18. Qa5 Kb8 19. Rd2 b6 20. Qf5 Rde8 21. Rc2 Qe6 22. Qb5 Qe4 23. Rhc1 Re7 24. d5 Qxg2 25. a4 Qxh3 26. a5 Qf5 27. Ka2 c5 28. axb6 Qxd5+ 29. Kb1 Rb7 30. bxa7+ Ka8 31. Qa5 Rxa7 32. Rd2 Qe4+ 0-1

[Event "AUT-ch U14"]
[Site "St Veit"]
[Date "2021.10.26"]
[Round "3.9"]
[White "Gruenwald, Simon"]
[Black "Ganbat, Gan Erdene"]
[Result "1-0"]
[WhiteElo "1504"]
[BlackElo "1324"]
[PlyCount "85"]
[EventDate "2021.10.25"]
[EventType "swiss"]
[EventRounds "7"]
[EventCountry "AUT"]
[SourceTitle "EXT 2023"]
[Source "ChessBase"]
[SourceDate "2022.10.05"]
[SourceVersion "1"]
[SourceVersionDate "2022.10.05"]
[SourceQuality "1"]

1. e4 e5 2. Nf3 Nc6 3. Bc4 Bc5 4. c3 Nf6 5. d4 exd4 6. 0-0 d5 7. exd5 Nxd5 8. cxd4 Be7 9. Nc3 Be6 10. Qb3 Na5 11. Qa4+ Nc6 12. Ne5 Nb6 13. Nxc6 Bxc4 14. Qxc4 Nxc4 15. Nxd8 Rxd8 16. b3 Nb6 17. Re1 Rxd4 18. Ba3 Rd7 19. f3 Kd8 20. Bxe7+ Rxe7 21. Rad1+ Rd7 22. Kf2 Rxd1 23. Rxd1+ Ke7 24. Re1+ Kf6 25. Ne4+ Kg6 26. Nc5 Rd8 27. Nxb7 Rd2+ 28. Re2 Rxe2+ 29. Kxe2 Kf5 30. Nd8 Nd5 31. a3 f6 32. Nc6 a6 33. g3 g5 34. Kd3 h5 35. Nb8 Nb6 36. Nxa6 g4 37. f4 Nd5 38. Kd4 Ke6 39. Nc5+ Kd6 40. Ne4+ Ke6 41. f5+ Kxf5 42. Kxd5 c6+ 43. Kd4 1-0

[Event "AUT-ch U12 Online Rapid"]
[Site "Playchess.com INT"]
[Date "2020.12.13"]
[Round "6"]
[White "Feiertag, Jonas"]
[Black "Gruenwald, Simon"]
[Result "0-1"]
[WhiteElo "1508"]
[BlackElo "1672"]
[PlyCount "40"]
[EventDate "2020.12.13"]
[EventType "swiss (rapid)"]
[EventRounds "7"]
[EventCountry "AUT"]
[SourceTitle "EXT 2022"]
[Source "ChessBase"]
[SourceDate "2021.10.06"]
[SourceVersion "1"]
[SourceVersionDate "2021.10.06"]
[SourceQuality "1"]

1. e4 c6 2. d4 d5 3. Nc3 dxe4 4. Nxe4 Nf6 5. Ng3 Bg4 6. Nf3 Bxf3 7. gxf3 e6 8. Bg2 Be7 9. c3 Nbd7 10. Ne4 Qc7 11. Be3 Nd5 12. Qd2 c5 13. Ng3 f5 14. Rc1 f4 15. dxc5 fxe3 16. fxe3 Bxc5 17. Nf1 Qb6 18. e4 Ne3 19. Bh3 Nxf1 20. Rxf1 Be3 0-1

[Event "AUT-ch U12 Online Rapid"]
[Site "Playchess.com INT"]
[Date "2020.12.13"]
[Round "7"]
[White "Gruenwald, Simon"]
[Black "Stadlbauer, Maximilian"]
[Result "1-0"]
[WhiteElo "1681"]
[BlackElo "1663"]
[PlyCount "65"]
[EventDate "2020.12.13"]
[EventType "swiss (rapid)"]
[EventRounds "7"]
[EventCountry "AUT"]
[SourceTitle "EXT 2022"]
[Source "ChessBase"]
[SourceDate "2021.10.06"]
[SourceVersion "1"]
[SourceVersionDate "2021.10.06"]
[SourceQuality "1"]

1. e4 e5 2. Nf3 Nc6 3. Bb5 a6 4. Ba4 b5 5. Bb3 Nf6 6. 0-0 Bc5 7. d3 d6 8. Be3 Bxe3 9. fxe3 0-0 10. h3 Na5 11. Nbd2 Nxb3 12. axb3 Bb7 13. Rf2 Re8 14. Nf1 d5 15. exd5 Nxd5 16. e4 Nf4 17. Nxe5 Nxh3+ 18. gxh3 Rxe5 19. Qf3 Rg5+ 20. Rg2 Rxg2+ 21. Kxg2 Qg5+ 22. Qg3 Qf6 23. Ne3 Qxb2 24. Rf1 f6 25. Qxc7 Bc8 26. Qd8+ Kf7 27. Qd5+ Be6 28. Qxa8 Qd4 29. Qb7+ Kg6 30. Rf3 Qe5 31. Rg3+ Kh5 32. Qxg7 b4 33. Qxh7# 1-0

[Event "Styrian op U08/12 26th"]
[Site "Mureck"]
[Date "2019.08.07"]
[Round "8"]
[White "Gruenwald, Simon"]
[Black "Schwarz, Felix1111"]
[Result "0-1"]
[WhiteElo "1428"]
[BlackElo "1229"]
[PlyCount "138"]
[EventDate "2019.07.31"]
[EventType "swiss"]
[EventRounds "9"]
[EventCountry "AUT"]
[SourceTitle "EXT 2020"]
[Source "ChessBase"]
[SourceDate "2019.10.17"]
[SourceVersion "1"]
[SourceVersionDate "2019.10.17"]
[SourceQuality "1"]

1. e4 e6 2. d4 d5 3. e5 c5 4. c3 Nc6 5. Nf3 Qb6 6. a3 a5 7. a4 cxd4 8. cxd4 Bd7 9. Bb5 Nb8 10. Nc3 Bb4 11. Bd2 Bxc3 12. Bxc3 Bxb5 13. axb5 Qxb5 14. Qa4 Qxa4 15. Rxa4 Nc6 16. b4 b5 17. Ra2 a4 18. Nd2 Nge7 19. Nb3 0-0 20. Nc5 Nf5 21. Rd2 a3 22. 0-0 a2 23. Ra1 Ra3 24. Rd3 Nxb4 25. Bxb4 Rxd3 26. Nxd3 Ra8 27. Bc5 Ra4 28. h3 h5 29. g4 hxg4 30. hxg4 Nxd4 31. Bxd4 Rxd4 32. Nc5 Rc4 33. Nd7 Rc7 34. Nb6 Rc6 35. Nd7 Rc7 36. Nb8 Rc8 37. Na6 Ra8 38. Nc5 b4 39. Kf1 Rc8 40. Nb3 Rc3 41. Nd2 b3 42. Nxb3 Rxb3 43. Rxa2 Rb4 44. f3 Rb5 45. Kf2 d4 46. Ra8+ Kh7 47. Rd8 Rxe5 48. Rxd4 Rd5 49. Ke3 Rxd4 50. Kxd4 Kg6 51. f4 f6 52. Ke4 Kh6 53. Kd4 e5+ 54. Ke4 exf4 55. Kxf4 Kg6 56. Kf3 Kg5 57. Kg3 g6 58. Kf3 Kh4 59. g5 Kxg5 60. Kg3 f5 61. Kf3 f4 62. Kf2 Kg4 63. Kg2 f3+ 64. Kf2 Kf4 65. Kf1 Kg3 66. Kg1 f2+ 67. Kf1 g5 68. Ke2 Kg2 69. Ke3 f1Q 0-1

[Event "Styrian op U08/12 26th"]
[Site "Mureck"]
[Date "2019.08.05"]
[Round "6"]
[White "Gruenwald, Simon"]
[Black "Bauer, Simon"]
[Result "0-1"]
[WhiteElo "1428"]
[BlackElo "1321"]
[PlyCount "96"]
[EventDate "2019.07.31"]
[EventType "swiss"]
[EventRounds "9"]
[EventCountry "AUT"]
[SourceTitle "EXT 2020"]
[Source "ChessBase"]
[SourceDate "2019.10.17"]
[SourceVersion "1"]
[SourceVersionDate "2019.10.17"]
[SourceQuality "1"]

1. e4 e5 2. Nf3 Nc6 3. Bc4 Bc5 4. c3 Nf6 5. b4 Bb6 6. a4 a6 7. a5 Ba7 8. Qb3 0-0 9. d3 h6 10. b5 axb5 11. Qxb5 Qe8 12. Ba3 d6 13. Bb4 Rb8 14. Qa4 Bd7 15. Bb5 Nxb4 16. Bxd7 Nxd3+ 17. Ke2 Nf4+ 18. Kf1 Qxd7 19. Qxd7 Nxd7 20. Nh4 g6 21. Nd2 Nc5 22. g3 Nfe6 23. Kg2 Kg7 24. Rhf1 c6 25. f4 exf4 26. gxf4 f5 27. exf5 gxf5 28. Nc4 Ne4 29. Rae1 Kf6 30. Rf3 d5 31. Ne5 Rbd8 32. Re2 Rg8+ 33. Kh3 d4 34. cxd4 Nxd4 35. Rxe4 fxe4 36. Rg3 Rxg3+ 37. hxg3 Nf3 38. Ng4+ Kf7 39. Nxh6+ Ke6 40. f5+ Kf6 41. Ng4+ Kg5 42. Ng6 Ng1+ 43. Kg2 Kxg4 44. f6 Rd2+ 45. Kf1 Nf3 46. Ne5+ Nxe5 47. f7 Nf3 48. f8Q Rf2# 0-1

[Event "AUT-ch U12"]
[Site "St Veit"]
[Date "2019.06.10"]
[Round "6.9"]
[White "Gruenwald, Simon"]
[Black "Pernerstorfer, Leo"]
[Result "1/2-1/2"]
[WhiteElo "1420"]
[BlackElo "1313"]
[PlyCount "59"]
[EventDate "2019.06.08"]
[EventType "swiss"]
[EventRounds "7"]
[EventCountry "AUT"]
[SourceTitle "EXT 2024"]
[Source "ChessBase"]
[SourceDate "2023.10.10"]
[SourceVersion "1"]
[SourceVersionDate "2023.10.10"]
[SourceQuality "1"]

1. e4 e5 2. Nf3 Nc6 3. Bc4 Bc5 4. c3 Nf6 5. b4 Bb6 6. d3 h6 7. a4 a6 8. Qb3 0-0 9. b5 Na5 10. Qa2 Nxc4 11. Qxc4 d6 12. Be3 axb5 13. Qxb5 Bd7 14. Qb3 Bxe3 15. fxe3 b6 16. c4 Qe7 17. Nc3 Ra5 18. 0-0 Rfa8 19. Ra2 Qe8 20. Rfa1 Ng4 21. h3 Nf6 22. Nd2 Bc6 23. Qb4 Nd7 24. Nb3 R5a6 25. a5 Qb8 26. axb6 Rxa2 27. Rxa2 Rxa2 28. Nxa2 Qxb6 29. Qxb6 Nxb6 30. Nc3 1/2-1/2

[Event "AUT-ch U12"]
[Site "St Veit"]
[Date "2019.06.09"]
[Round "3.13"]
[White "Gruenwald, Simon"]
[Black "Schicho, Michael"]
[Result "1-0"]
[WhiteElo "1420"]
[BlackElo "1526"]
[PlyCount "95"]
[EventDate "2019.06.08"]
[EventType "swiss"]
[EventRounds "7"]
[EventCountry "AUT"]
[SourceTitle "EXT 2024"]
[Source "ChessBase"]
[SourceDate "2023.10.10"]
[SourceVersion "1"]
[SourceVersionDate "2023.10.10"]
[SourceQuality "1"]

1. e4 e5 2. Nf3 Nc6 3. Bc4 Bc5 4. c3 Nf6 5. b4 Bb6 6. d3 d6 7. Bg5 h6 8. Bh4 Bg4 9. Nbd2 g5 10. Bg3 Qe7 11. a4 a6 12. b5 Nb8 13. a5 Bc5 14. Qb3 Be6 15. bxa6 Nxa6 16. Qxb7 Qd8 17. Bxe6 fxe6 18. Qb3 Ke7 19. d4 exd4 20. Nxd4 Bxd4 21. cxd4 Qb8 22. f3 Qxb3 23. Nxb3 Nb4 24. 0-0 Nh5 25. Rac1 Kd7 26. e5 d5 27. Rcd1 Nxg3 28. hxg3 Nc2 29. Rc1 Ne3 30. Rfe1 Nc4 31. Nc5+ Ke7 32. a6 Nb6 33. Nb7 Rhc8 34. Nc5 Nd7 35. Nxd7 Kxd7 36. Ra1 Ra7 37. Ra2 Rca8 38. Rea1 Kc6 39. Kf2 Kb5 40. Rh1 Rh8 41. g4 Rxa6 42. Rb1+ Kc4 43. Rxa6 Kxd4 44. Rxe6 c5 45. Rd1+ Kc4 46. Rd6 d4 47. Rc1+ Kb5 48. Rd5 1-0

[Event "AUT-ch U12"]
[Site "St Veit"]
[Date "2019.06.09"]
[Round "4.11"]
[White "Stadlbauer, Maximilian"]
[Black "Gruenwald, Simon"]
[Result "1/2-1/2"]
[WhiteElo "1444"]
[BlackElo "1420"]
[PlyCount "81"]
[EventDate "2019.06.08"]
[EventType "swiss"]
[EventRounds "7"]
[EventCountry "AUT"]
[SourceTitle "EXT 2024"]
[Source "ChessBase"]
[SourceDate "2023.10.10"]
[SourceVersion "1"]
[SourceVersionDate "2023.10.10"]
[SourceQuality "1"]

1. d4 c6 2. Bf4 d5 3. e3 Nf6 4. c4 Bf5 5. Bd3 Bxd3 6. Qxd3 e6 7. Nd2 c5 8. Ngf3 Nc6 9. a3 cxd4 10. Nxd4 Nxd4 11. Qxd4 Bd6 12. Bxd6 Qxd6 13. cxd5 Qxd5 14. Qxd5 Nxd5 15. 0-0 0-0-0 16. Rac1+ Kb8 17. Ne4 f6 18. Rfd1 Nb6 19. Rxd8+ Rxd8 20. h3 e5 21. Kf1 Rc8 22. Rxc8+ Kxc8 23. b3 Kd7 24. Ke2 Kc6 25. Kd3 Nd5 26. Nc3 Nxc3 27. Kxc3 a5 28. b4 a4 29. e4 b5 30. Kd3 Kd6 31. Ke3 g6 32. g4 Ke6 33. f3 h6 34. Kf2 f5 35. Kg3 fxg4 36. fxg4 g5 37. Kf3 Kf6 38. Kg3 Kg6 39. Kf3 h5 40. Kg3 hxg4 41. hxg4 1/2-1/2

[Event "AUT-ch U10"]
[Site "St Kanzian"]
[Date "2018.06.03"]
[Round "7.5"]
[White "Gruenwald, Simon"]
[Black "Pernerstorfer, Leo"]
[Result "0-1"]
[WhiteElo "1140"]
[BlackElo "1164"]
[PlyCount "107"]
[EventDate "2018.06.01"]
[EventType "swiss"]
[EventRounds "7"]
[EventCountry "AUT"]
[SourceTitle "EXT 2024"]
[Source "ChessBase"]
[SourceDate "2023.10.10"]
[SourceVersion "1"]
[SourceVersionDate "2023.10.10"]
[SourceQuality "1"]

1. e4 e5 2. Nf3 Nc6 3. Bc4 Bc5 4. 0-0 d6 5. Nc3 Bg4 6. h3 Bh5 7. d3 h6 8. Be3 Bb6 9. Qe2 Nf6 10. Bb5 0-0 11. Rad1 Nd4 12. Bxd4 Bxd4 13. Rfe1 c6 14. Bc4 Qb6 15. Na4 Qc7 16. c3 Bxf2+ 17. Qxf2 b5 18. Bb3 bxa4 19. Bxa4 Rab8 20. Rb1 Rfd8 21. d4 exd4 22. Nxd4 Rb6 23. Re3 Bg6 24. Nf5 Nh7 25. Nh4 Qe7 26. Nxg6 fxg6 27. Bb3+ Kh8 28. Rf1 Rf8 29. Rf3 Nf6 30. Qg3 Kh7 31. Kh2 Rbb8 32. Qh4 Qe5+ 33. Kh1 g5 34. Qg3 Qxg3 35. Rxg3 Nxe4 36. Rgf3 Rxf3 37. Rxf3 Nd2 38. Bc2+ Kg8 39. Rd3 Nc4 40. Bb3 d5 41. Ba4 Nxb2 42. Rd4 Nxa4 43. Rxa4 Rb7 44. Ra6 c5 45. Rc6 Rb5 46. Rd6 c4 47. Ra6 Kf7 48. Rxa7+ Kf6 49. a4 Rb1+ 50. Kh2 Ra1 51. Rd7 Ke5 52. Rxg7 Rxa4 53. Re7+ Kd6 54. Re2 0-1

[Event "AUT-ch U10"]
[Site "St Kanzian"]
[Date "2018.06.02"]
[Round "5.1"]
[White "Shi, William1111"]
[Black "Gruenwald, Simon"]
[Result "1/2-1/2"]
[WhiteElo "1359"]
[BlackElo "1140"]
[PlyCount "114"]
[EventDate "2018.06.01"]
[EventType "swiss"]
[EventRounds "7"]
[EventCountry "AUT"]
[SourceTitle "EXT 2024"]
[Source "ChessBase"]
[SourceDate "2023.10.10"]
[SourceVersion "1"]
[SourceVersionDate "2023.10.10"]
[SourceQuality "1"]

1. e4 c6 2. d4 d5 3. Nc3 dxe4 4. Nxe4 Nf6 5. Ng3 g6 6. Nf3 Bg7 7. Bd3 Bg4 8. c3 0-0 9. h3 Bh5 10. 0-0 Nbd7 11. Re1 c5 12. Nxh5 Nxh5 13. b3 Re8 14. Bb2 cxd4 15. cxd4 f6 16. Bc4+ Kh8 17. d5 Nb6 18. Nd4 Nxc4 19. bxc4 Qc8 20. Rc1 Bh6 21. Rc2 Nf4 22. Ne6 Qd7 23. Qf3 Qa4 24. Qb3 Qxb3 25. axb3 Rac8 26. Nxf4 Bxf4 27. Rce2 e5 28. dxe6 Bg5 29. g3 Kg7 30. h4 Bh6 31. g4 g5 32. hxg5 Bxg5 33. Kg2 Rc6 34. Kg3 Rb6 35. f4 Rxb3+ 36. Re3 Bxf4+ 37. Kxf4 Rxb2 38. Rh1 b5 39. Ra1 Ra8 40. e7 Kf7 41. Rxa7 Re8 42. Rb7 Rb4 43. Kf5 Rxc4 44. Rxb5 Rc7 45. Re6 Rcxe7 46. Rxf6+ Kg7 47. g5 Rf7 48. Rb4 Rxf6+ 49. gxf6+ Kg8 50. Rb7 Kf8 51. Rxh7 Re1 52. Rh6 Rf1+ 53. Ke4 Kf7 54. Rh8 Rxf6 55. Ra8 Re6+ 56. Kf5 Rf6+ 57. Kg4 Rg6+ 1/2-1/2

[Event "AUT-ch U10"]
[Site "St Kanzian"]
[Date "2018.06.01"]
[Round "3.5"]
[White "Gruenwald, Simon"]
[Black "Szigeti, Adam"]
[Result "1-0"]
[WhiteElo "1140"]
[BlackElo "1175"]
[PlyCount "71"]
[EventDate "2018.06.01"]
[EventType "swiss"]
[EventRounds "7"]
[EventCountry "AUT"]
[SourceTitle "EXT 2024"]
[Source "ChessBase"]
[SourceDate "2023.10.10"]
[SourceVersion "1"]
[SourceVersionDate "2023.10.10"]
[SourceQuality "1"]

1. e4 e5 2. Nf3 Nc6 3. Bc4 Nf6 4. Ng5 d5 5. exd5 Na5 6. Bb5+ c6 7. dxc6 bxc6 8. Ba4 h6 9. Nf3 e4 10. Qe2 Be6 11. Ne5 Qd4 12. Bxc6+ Nxc6 13. Nxc6 Qc5 14. Qa6 Bc8 15. Qa4 Bd7 16. Nc3 Bxc6 17. Qa6 Bd6 18. 0-0 0-0 19. d3 exd3 20. Qxd3 Nd5 21. Nxd5 Bxd5 22. Be3 Qc6 23. f3 Bc4 24. Qc3 Qb5 25. Rfd1 Bb4 26. Qd4 Bc5 27. Qxc5 Rfc8 28. Qxb5 Bxb5 29. c3 Re8 30. Re1 Rab8 31. Bxa7 Rxe1+ 32. Rxe1 Ra8 33. Re5 Bc4 34. Ra5 Kf8 35. Bc5+ Ke8 36. Rxa8+ 1-0